000 00472nam a2200133Ia 4500
005 20210429153914.0
008 210429s9999 xx 000 0 und d
082 _aCHM-MS AK/AQ 2011
100 _aAzizullah Khan
_954767
245 _aDesign And Development of Pyrotechnic Delay Detonator and Study of Various Parameters Affecting Burning Rate of Pyrotecnic Delay Compositions
260 _aNUST (SCME)
_bDr. Abdul Qadeer Malik
_c2011
300 _ap69
942 _2ddc
_cREF
999 _c561111
_d561111